[Event "Oviedo rapid"]
[Site "Oviedo"]
[Date "1993.??.??"]
[Round "10"]
[White "Stefansson, Hannes"]
[Black "Malaniuk, Vladimir P"]
[Result "1/2-1/2"]
[WhiteElo "2500"]
[BlackElo "2635"]

1.e4 d6 2.d4 Nf6 3.Nc3 e5 4.Nf3 Nbd7 5.Bc4 Be7 6.O-O O-O 7.Re1 c6 8.a4 Qc7
9.h3 b6 10.Bg5 a6 11.d5 Bb7 12.dxc6 Bxc6 13.Qe2 Bb7 14.Rad1 Rfc8 15.b3 h6
16.Bxf6 Nxf6 17.Nh4 d5 18.exd5 Bb4 19.Ne4 Nxe4 20.Qxe4 Bxe1 21.Rxe1 g6 22.Qg4 Qd6
23.Qg3 Kh7 24.Rxe5 Re8 25.Nf3 Rxe5 26.Qxe5 Qxe5 27.Nxe5 b5 28.axb5 axb5 29.Bxb5 Ra1+
30.Kh2 Bxd5 31.Bd3 Kg7 32.b4 Re1 33.Nf3 Bxf3 34.gxf3 Kf6  1/2-1/2

[Event "Pamplona9394"]
[Site "Pamplona"]
[Date "1993.??.??"]
[Round "7"]
[White "Izeta Txabarri, Felix"]
[Black "Seret, Jean Luc"]
[Result "1-0"]
[WhiteElo "2510"]
[BlackElo "2450"]

1.d4 d6 2.e4 Nf6 3.Nc3 e5 4.Nf3 Nbd7 5.Bc4 Be7 6.O-O O-O 7.a4 c6 8.Qe2 b6
9.Rd1 Qc7 10.d5 cxd5 11.Nxd5 Nxd5 12.Bxd5 Rb8 13.Ra3 Nf6 14.Rc3 Qd8 15.Bb3 Bb7
16.Nxe5 Nxe4 17.Nc6 Bxc6 18.Rxc6 Nc5 19.Bd5 Qd7 20.b3 Kh8 21.Bb2 f5 22.Bf3 Rbd8
23.a5 Bf6 24.Bxf6 Rxf6 25.axb6 axb6 26.Rxb6 g5 27.h3 Rg8 28.Rdxd6  1-0

[Event "Pamplona9394"]
[Site "Pamplona"]
[Date "1993.??.??"]
[Round "9"]
[White "Franco Ocampo, Zenon"]
[Black "Seret, Jean Luc"]
[Result "1-0"]
[WhiteElo "2480"]
[BlackElo "2450"]

1.d4 d6 2.e4 Nf6 3.Nc3 e5 4.Nf3 Nbd7 5.Bc4 Be7 6.O-O O-O 7.a4 c6 8.h3 a5
9.Ba2 exd4 10.Nxd4 Nc5 11.Qf3 Qb6 12.Nf5 Bxf5 13.Qxf5 Rae8 14.Rd1 Bd8 15.Rxd6 Nfxe4
16.Rd1 Bf6 17.Rb1 Qb4 18.Be3 Nxa4 19.Nxa4 Qxa4 20.Bb3 Qb4 21.Ra1 b5 22.Qd7 Rd8
23.Qxc6 Bxb2 24.Rxd8 Rxd8 25.Rb1 a4 26.Rxb2 axb3 27.Rxb3 Qe1+ 28.Kh2 Nxf2
29.Qf3 Nd1 30.Rd3  1-0

[Event "Pardubice op"]
[Site "Pardubice"]
[Date "1993.??.??"]
[Round "2"]
[White "Dgebuadze, Alexandre"]
[Black "Opravil, Karel"]
[Result "1-0"]
[WhiteElo "2400"]
[BlackElo "2120"]

1.e4 d6 2.d4 Nf6 3.Nc3 c6 4.Nf3 Bg4 5.Be2 e6 6.O-O d5 7.Bg5 Be7 8.e5 Nfd7
9.Bxe7 Qxe7 10.Nd2 Bxe2 11.Nxe2 c5 12.f4 Nc6 13.c3 cxd4 14.cxd4 g6 15.a3 Qd8
16.Nf3 Qb6 17.Qd3 Ke7 18.b4 a6 19.Nc3 h5 20.Rac1 Rhc8 21.Qe3 Rh8 22.Na4 Qb5
23.Nc5 Rab8 24.Nd2 a5 25.Nxd7 Kxd7 26.Rc5 Qa4 27.Nb3 b6 28.bxa5 Nxd4 29.Rfc1 Nxb3
30.Rc7+ Kd8 31.Rc8+ Rxc8 32.Qxb6+  1-0

[Event "Pardubice op"]
[Site "Pardubice"]
[Date "1993.??.??"]
[Round "5"]
[White "Joecks, Christian"]
[Black "Hlavnicka, Jiri"]
[Result "1/2-1/2"]
[WhiteElo "2345"]
[BlackElo "2235"]

1.e4 d6 2.d4 Nf6 3.Nc3 c6 4.f4 Qa5 5.Bd2 Qb6 6.Nf3 Bg4 7.e5 Nd5 8.Na4 Bxf3
9.Nxb6 Bxd1 10.Nxd5 cxd5 11.Rxd1 Nc6 12.c3 e6 13.Bd3 g6 14.O-O h5 15.g3 Rc8  1/2-1/2

[Event "Pardubice op"]
[Site "Pardubice"]
[Date "1993.??.??"]
[Round "7"]
[White "Totsky, Leonid"]
[Black "Hlavnicka, Jiri"]
[Result "1-0"]
[WhiteElo "2430"]
[BlackElo "2235"]

1.e4 d6 2.d4 Nf6 3.Nc3 c6 4.g3 e5 5.Bg2 Be7 6.Nge2 O-O 7.O-O b5 8.h3 b4 9.Nb1 Nbd7
10.c4 bxc3 11.Nbxc3 Ba6 12.Re1 Ne8 13.Be3 Bg5 14.f4 exf4 15.gxf4 Bh4 16.Rf1 Rb8
17.Qd2 c5 18.Rfd1 Qa5 19.dxc5 Nxc5 20.Nd4 Bb7 21.b4 Qxb4 22.Nc6 Bxc6 23.Rab1 Qxb1
24.Rxb1 Rxb1+ 25.Nxb1 Bxe4 26.Bxe4 Nxe4 27.Qc2 f5 28.Bxa7 g5 29.Nd2 Nxd2
30.Qxd2 gxf4 31.Qxf4 Rf7 32.Bd4 Bf6 33.a4 Bxd4+ 34.Qxd4 f4 35.a5 Nc7 36.Qxd6 f3
37.Kf2 Kg7 38.a6 Nxa6 39.Qxa6 Rf6 40.Qb7+ Kg6 41.Qe4+ Kg7 42.h4 h6 43.h5 Kf7
44.Qh7+ Ke6 45.Qg7 Ke5 46.Qe7+ Kf5 47.Kxf3 Kg5+ 48.Ke4  1-0

[Event "Paris-ch"]
[Site "Paris"]
[Date "1993.??.??"]
[Round "5"]
[White "Le Bideau, Alain"]
[Black "Manouck, Thierry"]
[Result "1/2-1/2"]
[WhiteElo "2250"]
[BlackElo "2300"]

1.e4 d6 2.d4 Nf6 3.Nc3 Nbd7 4.Nf3 e5 5.Be2 Be7 6.O-O O-O 7.a4 a5 8.Be3 c6
9.Nd2 d5 10.exd5 Nxd5 11.Nxd5 cxd5 12.dxe5 Nxe5 13.Nb3 Nc4 14.Bd4 Qc7 15.Re1 Bb4
16.c3 Bd6 17.g3 Nxb2 18.Qc1 Nc4 19.Bxg7 Bf4 20.Qxf4 Qxf4 21.gxf4 Kxg7 22.Bxc4 dxc4
23.Nd4 Ra6 24.f5 Kf6 25.Rab1 Bd7 26.Rxb7 Bxa4 27.Ra1 Bb3 28.Nxb3 cxb3 29.Ra4 Rg8+
30.Kf1 Rg5 31.Rxb3 Rxf5 32.c4 Rc6 33.Rb5 Rf4  1/2-1/2

[Event "Paris-ch"]
[Site "Paris"]
[Date "1993.??.??"]
[Round "8"]
[White "Louvert, Eric"]
[Black "Mohebbi, Jafar"]
[Result "0-1"]
[WhiteElo "2165"]
[BlackElo "2300"]

1.e4 d6 2.d4 Nf6 3.Nc3 Nbd7 4.Nf3 e5 5.Bc4 Be7 6.dxe5 dxe5 7.O-O O-O 8.Qe2 c6
9.a4 Qc7 10.Rd1 Nc5 11.Bg5 Ne6 12.Bxf6 Bxf6 13.g3 a5 14.Rd2 Qb6 15.b3 Nd4
16.Qd3 Rd8 17.Nxd4 Rxd4 18.Qe3 Qb4 19.Rad1 Bg4 20.Ne2 Rxd2 21.Rxd2 Bh3 22.Rd1 Rd8
23.Rxd8+ Bxd8 24.Kh1 Qe1+ 25.Ng1 Qxe3 26.fxe3 Bd7 27.Kg2 b5 28.axb5 cxb5
29.Bd5 Kf8 30.Kf2 a4 31.bxa4 bxa4 32.Ne2 Ke7 33.Nc3 Ba5 34.Na2 Bg4 35.Bc4 Bd1
36.Bd3 Bd2 37.h3 h5 38.c3 Kd6  0-1

[Event "Paris-ch"]
[Site "Paris"]
[Date "1993.??.??"]
[Round "9"]
[White "Bouton, Christophe"]
[Black "Luce, Sebastien"]
[Result "1/2-1/2"]
[WhiteElo "2210"]
[BlackElo "2360"]

1.d4 d6 2.e4 Nf6 3.Nc3 e5 4.Nf3 Nbd7 5.Bc4 Be7 6.O-O O-O 7.a4 c6 8.Ba2 b6
9.Qe2 Bb7 10.h3 a6 11.dxe5 dxe5 12.Rd1 Qe8 13.Nh4 b5 14.Nf5 b4 15.Nb1 Nc5
16.Bg5 Nxa4 17.Rd3 Nc5 18.Rf3 Ne6 19.Bxe6 fxe6 20.Qc4 Qf7 21.Nxe7+ Qxe7 22.Nd2 a5
23.Nb3 Ba6 24.Qc5 Qxc5 25.Nxc5 Bb5 26.Nxe6 Rf7 27.Nc5 Ne8 28.Rxf7 Kxf7 29.b3 h6
30.Be3 Nf6 31.g3 Ke7 32.Kg2 Nd7 33.Nb7 a4 34.bxa4 Rxa4 35.Rd1 Ra2 36.Nc5 Nf6
37.Nd3 Nxe4 38.Nxb4 Rb2 39.Nd3 Rxc2 40.Nxe5 Nc3 41.Ra1 Ke6 42.Nf3 Ra2 43.Rc1 Ne2
44.Nd4+ Nxd4 45.Bxd4 g6 46.Be3 h5 47.Rc3 Kd6 48.g4 hxg4 49.hxg4 Ra4 50.Kg3 Rc4  1/2-1/2

[Event "Pinsk"]
[Site "Pinsk"]
[Date "1993.??.??"]
[Round "?"]
[White "Balashov, Yuri S"]
[Black "Berezjuk, Sergej"]
[Result "1-0"]
[WhiteElo "2520"]
[BlackElo "2435"]

1.e4 d6 2.d4 Nf6 3.Nc3 e5 4.Nf3 Nbd7 5.Bc4 Be7 6.O-O O-O 7.Re1 c6 8.a4 a5
9.h3 h6 10.Ba2 Re8 11.Be3 Bf8 12.Nd2 exd4 13.Bxd4 Nc5 14.Qf3 Be6 15.Bxe6 Rxe6
16.Bxc5 dxc5 17.Rad1 Qc7 18.Nc4 Rae8 19.Re3 Nd7 20.Qg3 Ne5 21.Nxe5 Rxe5 22.f4 R5e6
23.e5 c4 24.Ne4 f5 25.Nf2 b5 26.Re2 Qb6 27.Rd7 bxa4 28.c3 Rd8 29.Rxd8 Qxd8
30.Qe3 Qd5 31.Rd2 Bc5 32.Qe2 Qe4 33.Qxe4 fxe4 34.Rd8+ Kf7 35.Kf1 e3 36.Ne4 Bf8
37.Ke2 a3 38.bxa3 Bxa3  1-0

[Event "RUS-chT"]
[Site "Podolsk"]
[Date "1993.??.??"]
[Round "?"]
[White "Appolonov, Sergei"]
[Black "Vorotnikov, Vladislav V"]
[Result "1/2-1/2"]
[WhiteElo "2355"]
[BlackElo "2450"]

1.d4 d6 2.e4 Nf6 3.Nc3 e5 4.dxe5 dxe5 5.Qxd8+ Kxd8 6.Bg5 Be6 7.O-O-O+ Nd7
8.f4 exf4 9.Nf3 Bb4 10.e5 Bxc3 11.bxc3 h6 12.Bh4 g5 13.Nxg5 hxg5 14.Bxg5 Rh5
15.Bxf6+ Ke8 16.Rd4 Nxf6 17.exf6 Rf5 18.Bd3 Rxf6 19.Rf1 f3 20.Rxf3 Rxf3 21.gxf3 Ke7
22.Ra4 a5 23.h4 b6 24.h5 Kf6 25.h6 Kg5 26.h7 f5 27.f4+ Kf6 28.c4 c5 29.Ra3 Kg7
30.Be2 Kxh7 31.Rd3 Kg7 32.Rd6 Kf7 33.Rxb6 Rd8 34.Rb5 Rd4 35.Rxc5 a4 36.Ra5 Rxf4
37.Rxa4 Rf2 38.Kd1 f4 39.Ra3 Rh2 40.Rf3 Rh4 41.a4 Kf6 42.a5 Ke5 43.a6 Bd7
44.Ra3 Bc6 45.a7 Ba8 46.c5 Rh1+ 47.Kd2 Rh2 48.Ke1 Rh1+ 49.Bf1 Rh8 50.Ra5 Kd4
51.c3+ Ke3 52.Ra6 f3 53.Rf6 Rh7 54.Re6+ Kf4 55.Rf6+ Ke3 56.Re6+ Kf4 57.Ra6 Ke3
58.Ra2 Rb7 59.Ra1 Rb2 60.c4 Rb7 61.Ra3+ Kd4 62.c6 Re7+ 63.Kf2 Kc5 64.Kxf3 Bxc6+
65.Kf2 Rf7+ 66.Ke1 Rf8 67.Ra6 Bb7 68.Ra1 Kb6 69.Kd2 Bc6 70.Ke3 Ra8 71.Kd4 Rxa7
72.c5+ Kb7 73.Rxa7+ Kxa7 74.Ke5 Kb7 75.Kd6 Bf3 76.Bh3 Bh1 77.Be6 Bf3 78.Bd7 Bg2
79.Bf5 Bf3 80.Kd7 Bg2 81.Be6 Bf3 82.Kd6 Bg2 83.Bd5+ Bxd5 84.Kxd5 Kc7 85.c6 Kc8
86.Kc4  1/2-1/2

[Event "RUS-chT"]
[Site "Podolsk"]
[Date "1993.??.??"]
[Round "?"]
[White "Selivjorstov, Albert"]
[Black "Vorotnikov, Vladislav V"]
[Result "1/2-1/2"]
[WhiteElo "2335"]
[BlackElo "2450"]

1.d4 d6 2.e4 Nf6 3.Nc3 c6 4.h3 e5 5.dxe5 dxe5 6.Qxd8+ Kxd8 7.Bg5 Bd6 8.Nf3 Be6
9.Bxf6+ gxf6 10.Nh4 Bb4 11.O-O-O+ Kc7 12.Rd3 Nd7 13.a3 Bc5 14.Nd1 b5 15.Rf3 a5
16.Nf5 a4 17.c3 Bb6 18.Bd3 Nc5 19.Bc2 Rag8 20.Nde3 h5 21.Rd1 Bb3 22.Bxb3 Nxb3+
23.Kc2 Rd8 24.Rxd8 Rxd8 25.Nf1 Na1+ 26.Kc1 Nb3+  1/2-1/2

[Event "POL-ch"]
[Site "?"]
[Date "1993.??.??"]
[Round "2"]
[White "Jakubiec, Artur"]
[Black "Ciemniak, Robert"]
[Result "0-1"]
[WhiteElo "2355"]
[BlackElo "2440"]

1.e4 d6 2.d4 Nf6 3.Nc3 c6 4.Nf3 Bg4 5.Be2 e6 6.O-O Be7 7.h3 Bh5 8.Bf4 O-O
9.Bh2 d5 10.Ne5 Bxe2 11.Qxe2 Qb6 12.Qd3 Rd8 13.exd5 cxd5 14.Qb5 Qxb5 15.Nxb5 a6
16.Nc3 Nfd7 17.Nxd7 Nxd7 18.Nd1 Rdc8 19.Ne3 b5 20.Rad1 b4 21.Rfe1 Nb6 22.Re2 g6
23.Rd3 Rc6 24.f4 Bf6 25.b3 Bg7 26.Bg3 a5 27.Be1 Rac8 28.Kf1 Nd7 29.c3 bxc3
30.Rc2 Nb8 31.Ke2 R6c7 32.Kd1 Nc6 33.Rcxc3 Bf8 34.Rc2 Bd6 35.g3 h5 36.h4 Bb4
37.Bc3 Kf8 38.Bb2 Ke7 39.a3 Bd6 40.Kd2 Kd7 41.Nd1 Rb8 42.Rc1 Rcb7 43.Kc2 a4
44.bxa4 Na5 45.Ra1 Rc8+ 46.Nc3 Be7 47.Bc1 Bf6 48.Be3 Rc4 49.Rad1 Rbc7 50.Kb2 Rb7+
51.Kc2 Rbc7 52.Kb2 Nc6 53.Kb3 Be7 54.Ra1 Na5+ 55.Kb2 R4c6 56.Nb5 Rb7 57.Rc3 Rc4
58.Rac1 Bd6 59.Ka2 Rxa4 60.Nxd6 Kxd6 61.f5 Nc4 62.Bf4+ Ke7 63.fxg6 fxg6 64.Bg5+ Kd6
65.Rf1 Rb2+ 66.Ka1 Re2 67.Rf7 Kc6 68.Bf4 Rxa3+ 69.Rxa3 Nxa3 70.Rf6 Kb5 71.Be5 Kb4
72.Rf4 Nb5 73.Kb1 Nc3+ 74.Kc1 Kb3  0-1

[Event "Rubinstein mem"]
[Site "Polanica Zdroj"]
[Date "1993.??.??"]
[Round "6"]
[White "Dorfman, Josif D"]
[Black "Hickl, Joerg"]
[Result "1-0"]
[WhiteElo "2555"]
[BlackElo "2570"]

1.d4 d6 2.e4 Nf6 3.Nc3 e5 4.dxe5 dxe5 5.Qxd8+ Kxd8 6.Bc4 Be6 7.Bxe6 fxe6
8.f3 Bb4 9.Bd2 Ke7 10.O-O-O Nc6 11.Nh3 a6 12.Nf2 Bd6 13.Ne2 h6 14.Nd3 Nd7
15.Be3 b5 16.h4 Na5 17.h5 c5 18.f4 Nc6 19.fxe5 Ncxe5 20.Nxe5 Bxe5 21.Nf4 Bxf4
22.Bxf4 c4 23.Bd6+ Ke8 24.e5 Nf8 25.Rh4 Nh7 26.b3 cxb3 27.axb3 Ng5 28.Kb2 Kf7
29.Rf4+ Kg8 30.c4 bxc4 31.Rxc4 Kh7 32.Ra1 Ra7 33.b4 Rha8 34.Kb3 g6 35.g4 Rf7
36.Ra5 gxh5 37.gxh5 Nf3 38.Ka4 Nd2 39.Rc6 Rf5 40.Raxa6 Rxa6+ 41.Rxa6 Rxh5
42.Bc7 Rh1 43.Rxe6 h5 44.Rc6 Nf3 45.Ka5 h4 46.b5 Ra1+ 47.Kb6 Re1 48.Rc3 Nd4
49.Rh3 Nf5 50.Kc6 Kg6 51.b6 Rc1+ 52.Kd5 Rb1 53.e6 Kf6 54.Bd8+ Kg6 55.Kc6 Rc1+
56.Kd7 Rd1+ 57.Kc7 Rc1+ 58.Kb8 Re1 59.e7 Kh5 60.b7 Nxe7 61.Kc7 Rc1+ 62.Kd6 Rb1
63.Bxe7 Rxb7 64.Rxh4+ Kg6 65.Ke6 Rb6+ 66.Bd6 Kg5 67.Ra4 Rc6 68.Ra3 Kh4 69.Rd3 Kg4
70.Rg3+ Kh4 71.Rg6 Ra6 72.Kf5 Kh5 73.Rg1 Ra5+ 74.Be5 Ra4 75.Rg5+ Kh4 76.Rg8 Kh3
77.Rg3+ Kh4 78.Rd3 Ra5 79.Rb3 Rc5 80.Rb2  1-0

[Event "Polanica Zdroj op"]
[Site "Polanica Zdroj"]
[Date "1993.??.??"]
[Round "10"]
[White "Kaminski, Marcin"]
[Black "Pisulinski, Jan"]
[Result "0-1"]
[WhiteElo "2450"]
[BlackElo "2370"]

1.e4 d6 2.d4 Nf6 3.Nc3 e5 4.Nf3 Nbd7 5.Bc4 Be7 6.O-O O-O 7.a4 c6 8.Ba2 Qc7
9.h3 b6 10.Qe2 Bb7 11.Rd1 a6 12.Nh4 exd4 13.Rxd4 c5 14.Rd1 Rfe8 15.Nf5 Bf8
16.Qf3 Ne5 17.Qf4 c4 18.Rd4 Ng6 19.Nh6+ Kh8 20.Rxc4 Qe7 21.Nf5 Qd8 22.Qg5 h6
23.Qg3 Nxe4 24.Nxe4 Bxe4 25.Nd4 Bd5 26.Be3 Bxc4 27.Bxc4 d5 28.Bb3 Qf6 29.Bxd5 Rad8
30.c4 Ne7 31.Nf3 Nxd5 32.Bd4 Qf4 33.cxd5 Qxg3 34.fxg3 Rxd5 35.Bxb6 Rb8 36.Be3 Rxb2
37.Rc1 Bd6 38.g4 Bg3 39.Kf1 Ra2 40.Nd4 Rxa4 41.Nf5 Bf4  0-1

[Event "Policka (Women)"]
[Site "Policka"]
[Date "1993.??.??"]
[Round "4"]
[White "Kawaciukova, Zuzana"]
[Black "Modrova, Hana"]
[Result "1/2-1/2"]
[WhiteElo "2085"]
[BlackElo "2030"]

1.e4 d6 2.d4 Nf6 3.Nc3 c6 4.f4 Qa5 5.Bd2 e5 6.Nd5 Qd8 7.Nxf6+ Qxf6 8.dxe5 dxe5
9.Nf3 Nd7 10.g3 exf4 11.e5 Qf5 12.Bd3 Qg4 13.Bxf4 Nc5 14.Bc4 Be6 15.Bxe6 Nxe6
16.Be3 Bb4+ 17.c3 Ba5 18.O-O O-O 19.Qc2 Bc7  1/2-1/2

[Event "Porz op29"]
[Site "Porz"]
[Date "1993.??.??"]
[Round "6"]
[White "Kveinys, Aloyzas"]
[Black "Zagorskis, Darius"]
[Result "1-0"]
[WhiteElo "2535"]
[BlackElo "2425"]

1.e4 d6 2.d4 Nf6 3.Nc3 e5 4.Nge2 Be7 5.f3 c6 6.Be3 Qa5 7.Qd2 b5 8.a3 Nbd7
9.Ng3 exd4 10.Bxd4 Ne5 11.f4 Nc4 12.Bxc4 bxc4 13.e5 dxe5 14.fxe5 Nd5 15.O-O O-O
16.Qf2 Nxc3 17.Bxc3 Qd5 18.Kh1 Be6 19.Rad1 Qb5 20.Nf5 Bxf5 21.Qxf5 Rad8 22.Rd7 g6
23.Qh3 Bg5 24.Rxa7 Qc5 25.Rd7 Rxd7 26.Qxd7 Qd5 27.Qg4 Bh6 28.Rd1 Qe6 29.Qxe6 fxe6
30.h3 Rf2 31.a4 Rxc2 32.a5 Be3 33.g4 Bc5 34.Rd7 h5 35.gxh5 gxh5 36.Rc7 Be3
37.Re7 c5 38.a6  1-0

[Event "Protvino zt"]
[Site "Protvino"]
[Date "1993.??.??"]
[Round "?"]
[White "Danielian, Oganes"]
[Black "Kacheishvili, Giorgi"]
[Result "1-0"]
[WhiteElo "2440"]
[BlackElo "2395"]

1.d4 d6 2.e4 Nf6 3.Nc3 e5 4.Nf3 Nbd7 5.Bc4 Be7 6.O-O O-O 7.Qe2 c6 8.a4 exd4
9.Nxd4 Re8 10.Ba2 Bf8 11.Qf3 Ne5 12.Qd1 a5 13.h3 Qb6 14.Bg5 Bxh3 15.Be3 Bg4
16.f3 Bd7 17.Bf2 Qc7 18.Qd2 Ng6 19.Be3 Nh5 20.g4 Nf6 21.g5 d5 22.gxf6 Rad8
23.Qh2 Bd6 24.f4 gxf6 25.Bxd5 Bg4 26.Bb3 Bc5 27.Qf2 Kh8 28.Nf5 Bxf5 29.Bxc5 Bh3
30.Bb6 Qc8 31.Bxd8 Rxd8 32.Kh2 Bxf1 33.Rxf1 Qg4 34.Bxf7 Rd7 35.Be8 Qh5+ 36.Kg1 Rg7
37.Qg3 Qc5+ 38.Kh1 Ne5 39.Qf2 Qc4 40.fxe5 Qe6 41.Qf5 Qxe8 42.exf6 Rg6 43.f7  1-0

[Event "ISD-FRA"]
[Site "Reykjavik"]
[Date "1993.??.??"]
[Round "3"]
[White "Arnason, Jon L"]
[Black "Chabanon, Jean Luc"]
[Result "1/2-1/2"]
[WhiteElo "2535"]
[BlackElo "2425"]

1.e4 d6 2.d4 Nf6 3.Nc3 e5 4.Nf3 Nbd7 5.Bc4 Be7 6.O-O O-O 7.Re1 c6 8.a4 Qc7
9.Ba2 a5 10.h3 b6 11.Nh4 exd4 12.Nf5 dxc3 13.Nxe7+ Kh8 14.Nf5 Nc5 15.Qxd6 Qd8
16.Qg3 Bxf5 17.exf5 Nfe4 18.Qf4 Qf6 19.Rb1 Nd2 20.Bxd2 cxd2 21.Red1 Rad8
22.Rxd2 Rxd2 23.Qxd2 Nxa4 24.Qd7 Nxb2 25.Re1 g6 26.Re7 Kg8 27.fxg6 hxg6 28.Re4 b5
29.Kh2 Na4 30.Qc7 Nc3 31.Rf4 Qg7 32.Bb3 a4 33.Bxf7+ Rxf7 34.Qc8+ Qf8 35.Qe6 Kg7
36.Qe5+ Rf6 37.Qxc3 Qd6 38.g3 Kf7 39.Rxf6+ Qxf6 40.Qc5 Qe6 41.Qa7+ Qe7 42.Qd4 Qf6
43.Qd7+ Kf8 44.Qc8+ Kg7 45.Qd7+ Qf7 46.Qd4+ Kg8 47.Qc5 a3 48.Qxa3 Qxf2+ 49.Kh1 Qf1+
50.Kh2 Qe2+ 51.Kg1 Qd1+ 52.Kf2 Qxc2+ 53.Ke3 Qc4 54.Qd6 Qb3+ 55.Ke4 Qb1+ 56.Ke5 Qe1+
57.Kd4 Qf2+ 58.Ke4 Kg7 59.Qc7+ Kh6 60.h4 Qf5+ 61.Ke3 Qe6+ 62.Kd4 Kh5 63.Kc5 Qe3+
64.Kb4 Qe4+ 65.Ka5 Kg4 66.Qd6 Kh3 67.Qf6 b4 68.Ka4 c5 69.Qf1+ Kg4 70.Qd1+ Qf3
71.Qd6 Qf5 72.Kb3 Qb1+ 73.Ka4 Qc2+ 74.Kb5 b3 75.Qe6+ Kf3 76.Qd5+ Kf2 77.Qh1 Qe2+
78.Kxc5 Qf1 79.Qe4 Qc1+ 80.Kb4 b2 81.Qd4+ Kxg3 82.Qd3+ Kxh4 83.Qe4+ Kh5 84.Qf3+ Kg5
85.Qd5+ Kf4 86.Qd6+ Kf3 87.Qd5+ Kf2 88.Qf7+ Ke2 89.Qe6+ Qe3 90.Qg4+ Kd2 91.Qg2+ Kd1
92.Qg4+ Qe2 93.Qxg6 Qe7+ 94.Kb3 Qb7+ 95.Ka2 Kc1 96.Qg5+ Kc2 97.Qf5+ Kc3 98.Qe5+ Kc2
99.Qe2+ Kc3 100.Qe3+ Kc4 101.Qe2+ Kd4 102.Qxb2+ Qxb2+ 103.Kxb2  1/2-1/2

[Event "ISD-FRA"]
[Site "Reykjavik"]
[Date "1993.??.??"]
[Round "7"]
[White "Thorhallsson, Throstur"]
[Black "Chabanon, Jean Luc"]
[Result "1-0"]
[WhiteElo "2430"]
[BlackElo "2425"]

1.e4 d6 2.d4 Nf6 3.Nc3 e5 4.Nge2 Be7 5.h3 exd4 6.Nxd4 O-O 7.Be3 a6 8.Qf3 Nc6
9.O-O-O Nxd4 10.Bxd4 Be6 11.e5 dxe5 12.Bxe5 Qc8 13.g4 Nd7 14.Bf4 Rd8 15.Bg2 Nc5
16.Rxd8+ Qxd8 17.Rd1 Qe8 18.Bxc7 Rc8 19.Qg3 Na4 20.Bxb7 Bg5+ 21.Kb1 Bh4 22.Qxh4 Nxc3+
23.bxc3 Rxc7 24.Rd8 Rxb7+ 25.Kc1 Rb8 26.Rxe8+ Rxe8 27.a4 h6 28.Qh5 Rc8 29.Qa5 Bc4
30.Qb6 Bf1 31.Qe3 g5 32.Qe1 Bxh3 33.f3 h5 34.Qe5 hxg4 35.Qxg5+ Kf8 36.fxg4 Bg2
37.Qh6+ Kg8 38.Qxa6 Rxc3 39.Qe2 Bc6 40.a5 Bd7 41.Qd2 Rc7 42.Qd6  1-0

[Event "LAT-ch"]
[Site "Riga"]
[Date "1993.??.??"]
[Round "?"]
[White "Lanka, Zigurds"]
[Black "Sokolovs, Andrei"]
[Result "1/2-1/2"]
[WhiteElo "2545"]
[BlackElo "2480"]

1.e4 d6 2.d4 Nf6 3.Nc3 e5 4.Nf3 Nbd7 5.h3 c6 6.a4 Qa5 7.Bd3 g6 8.O-O Bg7
9.Be3 O-O 10.Qd2 Re8 11.Rfe1 exd4 12.Nxd4 Nc5 13.Bf1 Qc7 14.f3 Bd7 15.a5 b6
16.axb6 axb6 17.Bh6 b5 18.Bxg7 Kxg7 19.b4 Na4 20.Nxa4 bxa4 21.c3 c5 22.Nb5 Bxb5
23.Bxb5 Reb8 24.c4 cxb4 25.Qxb4 d5 26.exd5 Nxd5 27.Qd2 Qc5+ 28.Kh1 Nf6 29.Qe3 Qxe3
30.Rxe3 Nd5 31.Rea3 Nb6 32.c5 Ra5 33.cxb6 Rxb5 34.Rxa4  1/2-1/2

[Event "ROM-chT"]
[Site "ROM"]
[Date "1993.??.??"]
[Round "5"]
[White "Lupu, Mircea Sergiu"]
[Black "Nevednichy, Vladislav"]
[Result "1/2-1/2"]
[WhiteElo "2435"]
[BlackElo "2495"]

1.e4 d6 2.d4 Nf6 3.Nc3 e5 4.Nf3 Nbd7 5.Bd3 Be7 6.O-O c6 7.Re1 O-O 8.a4 a5
9.Ne2 d5 10.Nxe5 Nxe4 11.Nxd7 Bxd7 12.c3 Bf5 13.Bf4 Qd7  1/2-1/2

[Event "Rostov op"]
[Site "Rostov"]
[Date "1993.??.??"]
[Round "?"]
[White "Novik, Maxim"]
[Black "Panchenko, Alexander N"]
[Result "1/2-1/2"]
[WhiteElo "2430"]
[BlackElo "2460"]

1.e4 d6 2.d4 Nf6 3.Nc3 e5 4.dxe5 dxe5 5.Qxd8+ Kxd8 6.Nf3 Bd6 7.Bc4 Be6 8.Bxe6 fxe6
9.Be3 Ke7 10.Nd2 Nc6 11.f3 a6 12.Ke2  1/2-1/2

[Event "Rostov op"]
[Site "Rostov"]
[Date "1993.??.??"]
[Round "?"]
[White "Lukin, Andrei M"]
[Black "Shumiakina, Tatiana"]
[Result "1-0"]
[WhiteElo "2445"]
[BlackElo "2305"]

1.e4 d6 2.d4 Nf6 3.Nc3 e5 4.Nf3 Nbd7 5.g3 g6 6.Bg2 Bg7 7.O-O O-O 8.a4 a5
9.h3 c6 10.Be3 Re8 11.Re1 Qc7 12.Qd2 exd4 13.Nxd4 Nc5 14.Bf4 Nh5 15.Bg5 Ne6
16.Be3 Nxd4 17.Bxd4 Be6 18.Rad1 Rad8 19.Kh2 Bc8 20.f4 Bxd4 21.Qxd4 Ng7 22.Qf2 h5
23.Rd3 Be6 24.b3 Kh8 25.Qd2 f5 26.Rde3 Qf7 27.R3e2 Kh7 28.Bf3 Kg8 29.Nd1 fxe4
30.Bxe4 d5 31.Bg2 b6 32.Nf2 Bf5 33.g4 Rxe2 34.Rxe2 hxg4 35.hxg4 Bd7 36.Kg3 Ne6
37.Nd3 Rf8 38.Qe3 d4 39.Qe4 c5 40.Rf2 Bc8 41.Ne5 Qg7 42.Qxg6 Qxg6 43.Nxg6 Rd8
44.f5 Nf8 45.Ne7+ Kf7 46.Nxc8 Rxc8 47.Bd5+ Kf6 48.Kf4 Rd8 49.g5+ Kg7 50.c4 Re8
51.f6+ Kg6 52.Rh2 Ne6+ 53.Bxe6 Rxe6 54.Rh6+ Kf7 55.Kf5  1-0

[Event "Rostov"]
[Site "Rostov"]
[Date "1993.??.??"]
[Round "?"]
[White "Oll, Lembit"]
[Black "Epishin, Vladimir"]
[Result "1/2-1/2"]
[WhiteElo "2585"]
[BlackElo "2620"]

1.d4 d6 2.e4 Nf6 3.Nc3 e5 4.Nf3 Nbd7 5.Bc4 Be7 6.O-O O-O 7.h3 c6 8.a4 h6
9.Ba2 Re8 10.Be3 b6 11.Nh4 exd4 12.Bxd4 Bf8 13.Ng6 Bb7 14.Re1 c5 15.Bxf6 Nxf6
16.e5 dxe5 17.Nxe5 Re7 18.f4 Qd4+ 19.Qxd4 cxd4 20.Nb5 Bd5 21.Nxd4 Bxa2 22.Rxa2 Nh5
23.Rf1 Nxf4 24.Ndc6 Re6 25.Rxf4 f6 26.Ng6 Rxc6 27.Nxf8 Kxf8 28.c4 Rd8 29.a5 Rd1+
30.Kh2 Rd2 31.axb6 Rxb6 32.c5 Rbxb2 33.Rxb2 Rxb2 34.c6 Rc2 35.Ra4 Rxc6 36.Rxa7 Rc4
37.g4 Kg8 38.Kg3 Rc3+ 39.Kg2 Kh7 40.Ra5 Re3 41.Rb5 Kg6 42.Rb7 h5 43.gxh5+ Kh6
44.Rb5 Re5 45.Rxe5 fxe5 46.Kf3 Kg5 47.Ke4 Kf6 48.Ke3 Kf5 49.Kf3 e4+ 50.Ke3 Ke5
51.Ke2 Kf4 52.Kf2 Kg5 53.Ke3 Kf5 54.Ke2 Kf4 55.Kf2 e3+ 56.Ke2 Ke4 57.Ke1 Kf3
58.Kf1 Kg3 59.Ke2 Kf4 60.Ke1 Kf3 61.Kf1 e2+ 62.Ke1 Ke3 63.h4 Kf3 64.h6 gxh6
65.h5 Ke3  1/2-1/2

[Event "Rostov op"]
[Site "Rostov"]
[Date "1993.??.??"]
[Round "?"]
[White "Kharlov, Andrei"]
[Black "Panchenko, Alexander N"]
[Result "1-0"]
[WhiteElo "2580"]
[BlackElo "2460"]

1.e4 d6 2.d4 Nf6 3.Nc3 e5 4.Nf3 Nbd7 5.Bc4 Be7 6.O-O O-O 7.Re1 c6 8.a4 b6
9.Bg5 h6 10.Bxf6 Bxf6 11.d5 c5 12.Nb1 g6 13.Nbd2 Bg7 14.c3 f5 15.b4 a6 16.Bd3 Qf6
17.Rb1 f4 18.bxc5 bxc5 19.Nc4 g5 20.Nfd2 Qg6 21.Be2 Rd8 22.Bh5 Qf6 23.Na5 Rb8
24.Qe2 Rxb1 25.Rxb1 c4 26.Nc6 Rf8 27.Nxc4 Nc5 28.a5 g4 29.f3 g3 30.h3 Qg5
31.Bg4 Bxg4 32.fxg4 h5 33.Nxd6 f3 34.gxf3 hxg4 35.hxg4 Bh6 36.Nf5 Rxf5 37.gxf5 Qh4
38.Rb2 Kh7 39.Nxe5 g2 40.Kxg2 Bf4 41.Ng4 Qg3+ 42.Kf1  1-0

[Event "San Fernando op"]
[Site "San Fernando"]
[Date "1993.??.??"]
[Round "7"]
[White "Rodi, Luis Ernesto"]
[Black "Soppe, Guillermo"]
[Result "0-1"]
[WhiteElo "2230"]
[BlackElo "2460"]

1.e4 Nf6 2.Nc3 d6 3.d4 c6 4.Bg5 Nbd7 5.f4 h6 6.Bh4 Qa5 7.Qd2 e5 8.fxe5 dxe5
9.dxe5 Nxe5 10.Bxf6 gxf6 11.Bd3 Be6 12.Nge2 O-O-O 13.Nf4 Nc4 14.Qc1 Nxb2
15.Ne2 Rxd3 16.Qxb2 Rxc3  0-1

[Event "San Sebastian op"]
[Site "San Sebastian"]
[Date "1993.??.??"]
[Round "?"]
[White "Huzman, Alexander"]
[Black "Mellado Trivino, Juan"]
[Result "1-0"]
[WhiteElo "2510"]
[BlackElo "2410"]

1.d4 d6 2.e4 Nf6 3.Nc3 e5 4.dxe5 dxe5 5.Qxd8+ Kxd8 6.Bc4 Bb4 7.Nf3 Nxe4 8.Nxe5 Rf8
9.Nxf7+ Ke8 10.Ng5 Nxc3 11.Bd2 Nxa2 12.c3 Be7 13.Bxa2 Rf5 14.Nf3 Nc6 15.O-O Bd6
16.Bb1 Rh5 17.h3 Kf8 18.Ng5 Be7 19.f4 g6 20.g4 Rh6 21.Kg2 Bd7 22.Ne4 Kg7
23.f5 gxf5 24.Bxh6+ Kxh6 25.gxf5 Rg8+ 26.Kh2 Ne5 27.f6 Bf8 28.Rxa7 Bc6 29.Rf4 Ng6
30.Rg4 Bd5 31.Bc2 c5 32.Ra1 Be6 33.Rgg1 Bf5 34.Raf1 Bxe4 35.Bxe4 Bd6+ 36.Kh1 Re8
37.Bxg6  1-0

[Event "Wuerttemberg-ch"]
[Site "Schramberg"]
[Date "1993.??.??"]
[Round "7"]
[White "Vuckovic, Aleksandar"]
[Black "Lorscheid, Gerhard"]
[Result "1/2-1/2"]
[WhiteElo "2345"]
[BlackElo "2305"]

1.e4 d6 2.d4 Nf6 3.Nc3 e5 4.f4 exd4 5.Qxd4 Nc6 6.Bb5 Be7 7.Nf3 O-O 8.Bxc6 bxc6
9.O-O c5 10.Qd3 Rb8 11.b3 Re8 12.Bb2 Bf8 13.Rfe1 Bb7 14.Rad1 Qc8 15.Nd5 Nxd5
16.exd5 h6 17.f5 Qd7 18.f6 Rxe1+ 19.Rxe1 Re8 20.Rf1 g6 21.Nh4 Kh7 22.h3 Qd8
23.Rf3 Re1+ 24.Kf2 Qe8 25.c4 Qe4 26.Qxe4 Rxe4 27.g4 h5 28.Rg3 Bh6 29.Ng2 hxg4
30.hxg4 Bg5 31.Rh3+ Kg8 32.Rd3 Bc8 33.Ne3 Bxg4 34.Nxg4 Rxg4 35.Bc3 Rf4+ 36.Rf3 Rxf3+
37.Kxf3 Kf8 38.Kg4 Be3 39.Ba5 Ke8 40.Bxc7 Kd7 41.Ba5 Bd4 42.Kg5  1/2-1/2

[Event "Sevilla op"]
[Site "Sevilla"]
[Date "1993.??.??"]
[Round "?"]
[White "Polgar, Judit"]
[Black "Khalifman, Alexander"]
[Result "1-0"]
[WhiteElo "2595"]
[BlackElo "2630"]

1.e4 d6 2.d4 Nf6 3.Nc3 Nbd7 4.f4 e5 5.Nf3 exd4 6.Qxd4 c6 7.Be3 d5 8.exd5 Bc5
9.Qd3 Qe7 10.Nd4 Nb6 11.dxc6 O-O 12.O-O-O bxc6 13.Bg1 Qc7 14.g3 Rd8 15.Ndb5 Rxd3
16.Nxc7 Rxd1+ 17.Nxd1 Bxg1 18.Nxa8 Nxa8 19.Rxg1  1-0